<?xml version="1.0" encoding="UTF-8"?>
<record
    xmlns:xsi="http://www.w3.org/2001/XMLSchema-instance"
    xsi:schemaLocation="http://www.loc.gov/MARC21/slim http://www.loc.gov/standards/marcxml/schema/MARC21slim.xsd"
    xmlns="http://www.loc.gov/MARC21/slim">

  <leader>00321nam a2200097Ia 4500</leader>
  <controlfield tag="008">230206s9999    xx            000 0 und d</controlfield>
  <datafield tag="041" ind1=" " ind2=" ">
    <subfield code="a">eng</subfield>
  </datafield>
  <datafield tag="100" ind1=" " ind2=" ">
    <subfield code="a">Y. K. Bhushan, Editor; V. N. Patankar, Editor; Rajan Saxena, Editor &amp; H. H. Mankad, Editor</subfield>
    <subfield code="9">119205</subfield>
  </datafield>
  <datafield tag="245" ind1=" " ind2=" ">
    <subfield code="a">Management Review </subfield>
  </datafield>
  <datafield tag="260" ind1=" " ind2=" ">
    <subfield code="c">1996</subfield>
    <subfield code="b">H. H. Mankad</subfield>
    <subfield code="a">Mumbai</subfield>
  </datafield>
  <datafield tag="999" ind1=" " ind2=" ">
    <subfield code="c">97654</subfield>
    <subfield code="d">97654</subfield>
  </datafield>
  <datafield tag="952" ind1=" " ind2=" ">
    <subfield code="0">0</subfield>
    <subfield code="1">0</subfield>
    <subfield code="4">0</subfield>
    <subfield code="7">0</subfield>
    <subfield code="a">HIMR</subfield>
    <subfield code="b">HIMR</subfield>
    <subfield code="d">2014-06-14</subfield>
    <subfield code="e">Satya Gilani</subfield>
    <subfield code="h">July 96 to June 98 (Vol. 3 No. 2 to Vol. 10 No. 1)</subfield>
    <subfield code="l">0</subfield>
    <subfield code="o">658/BHU BV0098</subfield>
    <subfield code="p">HIMR-BV-98</subfield>
    <subfield code="r">2023-02-06 00:00:00</subfield>
    <subfield code="w">2014-06-14</subfield>
    <subfield code="y">BV</subfield>
    <subfield code="z">BV0098</subfield>
  </datafield>
</record>
